| 000 | 01120nam0a22003011 4500 | ||
|---|---|---|---|
| 001 | rc\3170382 | ||
| 005 | 20260407084019.0 | ||
| 021 |
_aRU _b76-24652 |
||
| 021 |
_aRU _bРг6136-76 |
||
| 035 | _a(NLR Aleph) 007307758 | ||
| 090 |
_a5777606 _c5777606 |
||
| 100 | _a20120615d1976 |||y0rusy50 ca | ||
| 101 | 0 | _arus | |
| 102 | _aRU | ||
| 105 | _aa z ||||| | ||
| 200 | 1 |
_aПроблемы космофизики и аэрономии _e[Сборник статей] _f[Ред. Шафер, Г.В.] |
|
| 210 |
_aЯкутск _cБ. и. _d1976 |
||
| 215 |
_a36 с. _cил. _d21 |
||
| 225 | 1 | _aАН СССР. Якутский филиал Сибирского отделения. Бюллетень научно-технической информации | |
| 300 | _aНа обл. только загл. серии | ||
| 320 | _aБиблиогр. в конце статей | ||
| 702 | 1 |
_aШафер _bГ.В. _4340 |
|
| 712 | 0 | 2 |
_aАН СССР _bЯкутский филиал _3RU\NLR\AUTH\8811497 _9295673 |
| 801 | 0 |
_aRU _bNLR _gpsbo |
|
| 801 | 1 |
_aRU _bELAR _2rusmarc |
|
| 852 |
_aNLR _j76-4/16901 |
||
| 942 | _cBOOK | ||
| 980 | _aNB | ||